00971 2200325 4500001002100000005001500021035002000036007000300056040001700059100003200076245013400108250001000242300003400252504002600286020001800312041000800330082001000338084001600348090002600364264003800390336002100428337003000449338002300479650002000502700002800522850001000550008004100560990002200601990002200623INLIS00000000000947420260420095431 a0010-1222000079ta aSBPUPADbind0 aCahyo Saparinto;ePengarang1 aPembesaran Ikan Enam Konsumsi Di Pekarangan Lele Belut Gurami Patin Nila Lobster Air Tawar /cCahayo Saparinto:Editor:B Prastya W aCet.1 aiv 116 hlm. :bilus. ;c23 cm abibiliografi, hlm 115 a979-002-732-X0 aind a639.3 a639.3 CAH p a639.3 CAH p L 19 R 10 aJakarta :bPenebar Swadaya,c2017 2rdacontentateks 2rdamediaatanpa perantara 2rdacarrieravolume 4aTeknik Terampil aB Prastyo W:ePengarang aPUPAD260420 0  a29.348/B/DPK/2018 a29.347/B/DPK/2018